000
00266nam a22001217a 4500
003
SGT
082
_a
150
_b
F12B
100
_a
BARON, ROBERT A.
245
_a
FUNDAMENTAL OF SOCIAL PSYCHOLOGY
260
_a
INDIA
_b
PERSON
_c
2012
300
_a
229
942
_2
ddc
_c
BK
_0
2
999
_c
15079
_d
15079